000
00264nam a2200109Ia 4500
008
190912s9999||||xx |||||||||||||| ||und||
100
_a
Dr. Ali Shareati
245
0
_a
Hum aur Iqbal
260
_a
Islamabad
_b
Islami Jamhoria Iran
_c
1996
300
_a
138
942
_c
BK
999
_c
7098
_d
7098